Statistics for Artificial Intelligences in Fiction (Films/TV, Books, Games)

Click here to take the quiz!

General Stats

  • This quiz has been taken 60 times
    (28 since last reset)
  • The average score is 10 of 16

Answer Stats

A.I. Work of Fiction % Correct
HAL 90002001: A Space Odyssey
96%
C3PO, R2D2Star Wars series
96%
SkynetThe Terminator series
88%
DataStar Trek: The Next Generation
88%
Agent SmithThe Matrix series
88%
UltronThe Avengers series
75%
KITTKnight Rider
71%
Ash, BishopAlien series
58%
Marvin, Deep ThoughtThe Hitchhiker's Guide to the Galaxy
58%
Rosie the RobotThe Jetsons
50%
Johnny 5Short Circuit
42%
CortanaHalo
42%
TARS, CASEInterstellar
38%
GortThe Day the Earth Stood Still
33%
WOPR ("Joshua")War Games
25%
DavidA.I. Artificial Intelligence
17%

Score Distribution

Percentile by Number Answered

Percent of People with Each Score

Your Score History

You have not taken this quiz since the last reset